Auto del triunfo de la Virgen y gozo mexicano /
Francisco Bramón (siglo XVI), presbítero, poeta y dramaturgo mexicano. Conciliario de la Real Universidad de México. En 1620 publicó la presente obra, insertado en la tercera parte de Los Sirgueros de la Virgen, una obra que participa, por lo artificiosa en la novela pastoril, además del poema bucól...
-д хадгалсан:
| Үндсэн зохиолч: | |
|---|---|
| Бусад зохиолчид: | |
| Формат: | Ном |
| Хэл сонгох: | испани |
| Цуврал: | (Textos de Literatura Mexicana ;
1) |
| Нөхцлүүд: | |
| Шошгууд: |
Шошго байхгүй, Энэхүү баримтыг шошголох эхний хүн болох!
|
MARC
| LEADER | 00000nam^a2200000^a^4500 | ||
|---|---|---|---|
| 001 | 000128724 | ||
| 005 | 20250521000000.0 | ||
| 009 | 20260310094848.197 | ||
| 037 | |a Acervo ITESO - Biblioteca | ||
| 041 | |a ESP | ||
| 082 | |a 862. |b BRA | ||
| 100 | |a Bramón, Francisco |e (autor) | ||
| 245 | 1 | 0 | |a Auto del triunfo de la Virgen y gozo mexicano / |c F. Bramón ; ed. de A. Yáñez. |
| 264 | |a México : |b UNAM, |c 1945 | ||
| 336 | |a texto |b txt |2 rdacontenido | ||
| 337 | |a sin mediación |b n |2 rdamedio | ||
| 338 | |a volumen |b nc |2 rdasoporte | ||
| 440 | 1 | |a (Textos de Literatura Mexicana ; |v 1) | |
| 520 | |a Francisco Bramón (siglo XVI), presbítero, poeta y dramaturgo mexicano. Conciliario de la Real Universidad de México. En 1620 publicó la presente obra, insertado en la tercera parte de Los Sirgueros de la Virgen, una obra que participa, por lo artificiosa en la novela pastoril, además del poema bucólico. El Auto es lo más valioso de esta obra, sus personajes son alegóricos. La presete obra termina con un tocotín, que es una danza de influencia dramática indígena. | ||
| 649 | |a XX | ||
| 650 | |a Teatro Mexicano | ||
| 650 | |a Teatro Religioso | ||
| 650 | |a Autos Sacramentales | ||
| 650 | |a Poesía Mexicana | ||
| 650 | |a Literatura Religiosa - |z México | ||
| 650 | |a Literatura Mexicana - |y Siglo XVII | ||
| 700 | |a Yáñez, Agustín |e (edición) | ||
| 910 | |a Fondo Salvador Reynoso Reynoso | ||
| 920 | |a Impresos - Libros | ||
| 930 | |a Fondos Especiales | ||
| 940 | |a Literatura | ||
| 905 | |a 112 | ||
| 901 | |a 0800010534 |b IT2 |c ESP |u 20250521 | ||
| 902 | |a https://opac.biblio.iteso.mx/vufind/Record/000128724 | ||